000 00330nam a2200157 a 4500
008 190522s1997|||| d
100 1 _aCayce Edgar
260 _bKV FINAL
_aTurnov
_c1997
958 _aAUL
245 1 0 _a O lásce
250 _a1.vydanie
300 _a126s.
020 _c0
041 _acze
044 _axo
_cSK
999 _c20728
_d20728